00423nam a22001457a 4500003000400000020001800004082001800022100002000040245003500060260003300095300000700128942001200135952011300147999001700260SGT a9786206163282 a617.601bM23T aTandon, Shourya aMinimal intervention Dentistry bLambert Academic Pub. c2023 a79 2ddccBK 00102ddc4071aFDbFDcREFd2024-09-30iSGTUl0o617.601 M23TpFD9574r2024-09-30 00:00:00w2024-09-30yBK c27048d27048